| Tag |
First Indicator |
Second Indicator |
Subfields |
| LEADER |
00000nmm a22000001a 4500 |
| 001 |
in00004609713 |
| 006 |
m|||||o||m|||||||| |
| 007 |
cr|cn |||uuuuu |
| 008 |
221118s2022 xxu||||bo|||| ||||||eng d |
| 005 |
20221207213316.2 |
| 035 |
|
|
|a (TxWaIVM)IV89011LeCa
|
| 040 |
|
|
|a TxWaIVM
|c TxWaIVM
|
| 245 |
0 |
0 |
|a Catch It, Jess! & Cat Nap /
|c powered by Library Pass.
|
| 260 |
3 |
|
|a [United States] :
|b Lerner Publishing Group,
|c 2022.
|
| 300 |
|
|
|a 1 online resource.
|
| 336 |
|
|
|a text
|b txt
|2 rdacontent
|
| 337 |
|
|
|a computer
|b c
|2 rdamedia
|
| 338 |
|
|
|a online resource
|b cr
|2 rdacarrier
|
| 520 |
|
|
|a Jess the cat keeps trying to catch things, from rats and balls to a quiet place to nap. In these fun-filled stories, young readers will delight in following Jess using carefully leveled text and bright illustrations.
|
| 521 |
|
|
|a 1
|
| 538 |
|
|
|a Requires a valid library card and registration for new users.
|
| 538 |
|
|
|a Mode of access: World Wide Web.
|
| 538 |
|
|
|a System requirements: Flash 10.1 or higher, Windows XP and higher, Internet Explorer 7 and higher, Firefox 3.6 and higher, Google Chrome; Max OS 10.5 and higher, Safari 4 and higher.
|
| 650 |
|
0 |
|a Animals
|
| 655 |
|
7 |
|a Electronic books.
|2 local
|
| 655 |
|
7 |
|a Animals
|2 gsafd
|
| 650 |
|
0 |
|a Comic books, strips, etc. --Children
|
| 655 |
|
7 |
|a Comic books, strips, etc. --Children
|2 gsafd
|
| 650 |
|
0 |
|a Early Readers
|
| 655 |
|
7 |
|a Early Readers
|2 gsafd
|
| 650 |
|
0 |
|a Comic books, strips, etc. --Education
|
| 655 |
|
7 |
|a Comic books, strips, etc. --Education
|2 gsafd
|
| 650 |
|
0 |
|a Comic books, strips, etc. --Fiction
|
| 655 |
|
7 |
|a Comic books, strips, etc. --Fiction
|2 gsafd
|
| 650 |
|
0 |
|a Humor
|
| 655 |
|
7 |
|a Humor
|2 gsafd
|
| 650 |
|
0 |
|a Literary
|
| 655 |
|
7 |
|a Literary
|2 gsafd
|
| 700 |
1 |
|
|a Dale, Katie.
|e writer.
|
| 700 |
1 |
|
|a Dudziuk, Kasia.
|e artist.
|
| 710 |
2 |
|
|a Library Pass, LLC.
|
| 856 |
4 |
0 |
|u http://proxy.library.tamu.edu/login?url=https://tamu.librarypass.com/product/lerner.publishing.group.catch.it.jess.cat.nap.english.06022022
|z Connect to this electronic book (First time users create your free account)
|t 0
|
| 955 |
|
|
|a Comics Plus.
|
| 999 |
f |
f |
|s 9ae7c227-7019-4f2c-83f6-76970e90857f
|i 6bcfac95-bc7c-4f00-b864-939b090f8d9a
|t 0
|
| 952 |
f |
f |
|a Texas A&M University
|b College Station
|c Electronic Resources
|d Available Online
|t 0
|h Library of Congress classification
|
| 998 |
f |
f |
|t 0
|l Available Online
|